A self improvement (Tamil)

Bibliographic Details
Main Author: Aacarya
Format: Book
Published: Chennai : Penerbitan Narmatha , 2005
Subjects:

MARC

LEADER 00000cam a2200000 7i4500
001 0000022483
005 20160330.0
008 080730
020 |a RM10.50 
090 0 0 |a 158.1   |b AAC 
100 1 |a Aacarya 
245 1 2 |a A self improvement (Tamil)   |c Aacarya 
260 |a Chennai :   |b Penerbitan Narmatha ,   |c 2005 
500 |a Teenager ages 13-18 years old (blue) 
650 0 |a Conduct of life 
650 0 |a Self-realization 
999 |a 0001020118   |b Book   |c Tamil Collection   |e Perbadanan Perpustakaan Awam Johor 
999 |a 0001020119   |b Book   |c Tamil Collection   |e Cawangan Tangkak 
999 |a 0001020120   |b Book   |c Tamil Collection   |e Perbadanan Perpustakaan Awam Johor